The Never Story Tracklist (JID) - Statistics

General Stats
  • This quiz has been taken 18 times
  • The average score is 10 of 12
Answer Stats
Hint Answer % Correct
7 All Bad
100%
6 Hereditary
100%
4 EdEddnEddy
92%
12 LAUDER
92%
3 NEVER
92%
1 Doo Wop
83%
5 D/vision
83%
2 General
83%
10 Hoodbooger
75%
8 Underwear
75%
9 8701
67%
11 Somebody
58%
No matching quizzes found
Score Distribution
Percent of People with Each Score
Percentile by Number Answered
Your Score History
You have not taken this quiz